| 000 | 00745nam a2200277 a 4500 | ||
|---|---|---|---|
| 005 | 20210219153011.0 | ||
| 008 | 991125n 000 0 u | ||
| 035 | _aUPN01000072470 | ||
| 100 | 1 | _aParis, Scott G | |
| 222 | _aEDUCATIONAL RESEARCHER | ||
| 245 | _aA developmental perspective on standardized achievement testing | ||
| 300 | _a12-26 | ||
| 362 | 0 | _a1991 Vol. 20, no. 5 | |
| 653 | 0 | _aAUTOEFICACIA | |
| 653 | 0 | _aMOTIVACION | |
| 653 | 0 | _aESTUDIANTES | |
| 653 | 0 | _aPRUEBAS DE ANSIEDAD | |
| 653 | 0 | _aPRUEBAS DE RENDIMINETO | |
| 653 | 0 | _aPRUEBAS ESTANDARIZADAS | |
| 700 | 1 | _aTurner, Julianne C., | |
| 700 | 1 | _ecoaut. | |
| 700 | 1 | _aLawton, Theresa A., | |
| 700 | 1 | _ecoaut. | |
| 904 |
_aAC _b010281 |
||
| 905 | _aArticulo | ||
| 999 |
_c65934 _d65934 |
||